| 000 | 01066nam a2200253 i 4500 | ||
|---|---|---|---|
| 001 | 115498 | ||
| 003 | ES-MaACL | ||
| 005 | 20250806085412.0 | ||
| 007 | t| | ||
| 008 | 070313s1880 sp ||||1| spa d | ||
| 100 | 1 |
_aRizzoli, Francesco. _997760 |
|
| 245 | 1 | 0 |
_aClínica quirúrgica _b: Memorias de cirugía y de obstetricia / _cFrancisco Rizzoli ; traducidas del italiano y adicionadas de las notas del traductor francés dr. Andreini, por José Ustáriz, acompañadas de un prólogo de Juan Creus y Manso. |
| 260 |
_aMadrid : _b[s.n.], _c1880 ( _fTip. Enrique Teodoro) |
||
| 300 |
_a2 v. : _bil. ; _c23 cm. |
||
| 490 | 1 | _aBiblioteca económica medicina y cirujía | |
| 650 | 7 |
_aObstetricia _2embne _915676 |
|
| 650 | 0 | 7 |
_aCirugía _2embne _911050 |
| 700 | 1 |
_aUstáriz y Escribano, José. _9112318 |
|
| 700 | 1 |
_aCreus y Manso, Juan. _941578 |
|
| 700 | 1 |
_aAndreini, Rinaldo. _9152583 |
|
| 830 | 0 |
_aBiblioteca económica de medicina y cirujía _9186248 |
|
| 852 |
_aES-MaACL _jB-12704-05 _z.- Legado Gustavo Saenz Diez |
||
| 999 |
_c115498 _d115498 |
||